000 00787nam a22002177a 4500
999 _c157627
_d157627
005 20180922124040.0
010 _aENG-124024
020 _c300.00
_a9788192606224
035 _aEN-107556
037 _bDBAD/PUB
082 _a305.8009545
245 _aFamily and clan in north east india:
_ced. by Alphonsus D'Souza; Lalnghakthami [and] Pangernungba Kechu
_breflections by christian scholars /
260 _aGuwahati
_c2015
_bNorth Eastern Social Research Centre
270 _bGuwahati
_aJagriti 2nd Floor, Arunadai Path, GMC Road, Christian Basti
_e781005
300 _axix,292p.
_c21(pbk.)
500 _aIt includes index
700 _a D'Souza, Alphonsus
700 _aLalnghakthami
700 _a Kechu, Pangernungba
942 _2ddc
_cEN
_h305.8009545
_mFAM